000 00807nam a2200217Ii 4500
003 JO-AjNU
008 230605s9999||||xx |||||||||||||| ||und||
017 _a1988/12/743
040 _aJO-AjNU
_bara
_erda
_cJO-AjNU
041 _aara
050 1 4 _aKMM99.4.J3288.1989
100 3 _a الجبور، محمد عودة ,
_eauthor
_946844
245 0 0 _aالحماية الجزائية للشيك في القانون الاردني " دراسة مقارنة "
250 _aط1
264 3 1 _aعمان : محمد عودة الجبور ، 1989
300 _a216ص
_bيشتمل على مراجع ص (210 - 213 )
336 _atext
_btxt
_2rdacontent
337 _aunmediated
_bn
_2rdamedia
338 _avolume
_bnc
_2rdacarrier
650 4 _aالقانون الجزائي -- شيكات -- الاردن
_946845
999 _aA20408
_c23976
_d23976